00393nam a2200145Ia 4500008004100000020001800041041000800059082001300067100001800080245006700098260004000165300000800205365001600213700001800229230718s9999 xx 000 0 und d a9781633696303 aeng a650bBUC aBuckingham M. aA Freethinking's Guide To The Real WorldbNine Lies About Work c2019bHarvard Business Review Press a279 cRs.b999.00 aBuckingham M.